Tribhuvan University Central Library

Environmental impact assessment for extraction of boulders, aggregate and sand from Tinau, Danab, Kanchan and Rohini River of Rupandehi district (Record no. 70276)

MARC details
000 -LEADER
fixed length control field 00704nam a22002177a 4500
008 - FIXED-LENGTH DATA ELEMENTS--GENERAL INFORMATION
fixed length control field 000000b xxu||||| |||| 00| 0 und d
015 ## - NATIONAL BIBLIOGRAPHY NUMBER
-- NNB
041 ## - LANGUAGE CODE
Language code of text/sound track or separate title Eng
082 ## - DEWEY DECIMAL CLASSIFICATION NUMBER
Classification number 333.713
Item number En89e
-- N
110 ## - MAIN ENTRY--CORPORATE NAME
Corporate name or jurisdiction name as entry element
-- Nepal, Ministry of Local Development
245 ## - TITLE STATEMENT
Title Environmental impact assessment for extraction of boulders, aggregate and sand from Tinau, Danab, Kanchan and Rohini River of Rupandehi district
260 ## - PUBLICATION, DISTRIBUTION, ETC.
Place of publication, distribution, etc. Rupandehi
Name of publisher, distributor, etc. Rupandehi District Development Committee
Date of publication, distribution, etc. 2068 B.S.
300 ## - PHYSICAL DESCRIPTION
Extent v.p.
650 ## - SUBJECT ADDED ENTRY--TOPICAL TERM
Topical term or geographic name entry element Air
650 ## - SUBJECT ADDED ENTRY--TOPICAL TERM
Topical term or geographic name entry element Environment
650 ## - SUBJECT ADDED ENTRY--TOPICAL TERM
Topical term or geographic name entry element Environmental hazards
650 ## - SUBJECT ADDED ENTRY--TOPICAL TERM
Topical term or geographic name entry element Environmental Impact Assessment
650 ## - SUBJECT ADDED ENTRY--TOPICAL TERM
Topical term or geographic name entry element Pollution
650 ## - SUBJECT ADDED ENTRY--TOPICAL TERM
Topical term or geographic name entry element Soil
942 ## - ADDED ENTRY ELEMENTS (KOHA)
Koha item type General Collections
Source of classification or shelving scheme Dewey Decimal Classification
Holdings
Withdrawn status Lost status Damaged status Not for loan Home library Current library Date acquired Total Checkouts Full call number Barcode Date last seen Price effective from Koha item type
        Tribhuvan University Central Library Tribhuvan University Central Library 04/16/2014   333.713 En89e G73214 04/16/2014 04/16/2014 General Collections